000 00678nam a2200241Ia 4500
001 2023
003 GE_BSU
008 181216s||||||||xx |||||||||||||| ||und||
020 _a9785797507819
040 _cGE_BSU
080 _a340.1(075.8)
245 _aТеория государства и права
245 _bУчебник. для студ.вузов.
245 _cПод ред.В.К.Бабаева
250 _aИзд.2-е,перераб и доп.
260 _aМосква
260 _bЮристь
260 _c2007
300 _a637стр. 21см.
541 _h20л.
653 _aТеория государства и права
942 _cBK
999 _c36123
_d36123